Statistics for Los Angeles Clippers 2010's Starters

Click here to take the quiz!

General Stats

  • This quiz has been taken 88 times
    (49 since last reset)
  • The average score is 9 of 17

Answer Stats

Player Starts % Correct
Blake Griffin7
100%
DeAndre Jordan8
97%
Chris Paul6
97%
Patrick Beverley1
82%
J.J. Redick4
79%
Danilo Gallinari1
64%
Baron Davis1
51%
Matt Barnes1
51%
Paul Pierce1
44%
Austin Rivers1
44%
Eric Gordon1
38%
Luc Mbah a Moute2
33%
Willie Green1
33%
Caron Butler2
31%
Randy Foye1
23%
Jared Dudley1
15%
Ryan Gomes1
13%

Score Distribution

Percentile by Number Answered

Percent of People with Each Score

Your Score History

You have not taken this quiz since the last reset